| 000 | 00464cam a2200193ua 4500 | ||
|---|---|---|---|
| 020 | _c15.50 | ||
| 041 |
_aeng _h |
||
| 082 |
_a954.03 _bGOK/MA |
||
| 100 | _aGokhale, B.G . | ||
| 245 |
_aMaking of the Indian Nation / _cB.G.Gokhale. _hTextual Documents |
||
| 250 |
_a2 / _b. |
||
| 260 |
_aMumbai : _bAsia Publishing House , _c1960. |
||
| 300 | _a379 ; . | ||
| 365 | _a15.50 | ||
| 504 | _a | ||
| 942 | _cBK | ||
| 999 |
_c698 _d698 |
||